Program odpadového hospodárstva Slovenskej republiky

Saved in:
Bibliographic Details
Format: Book
Language:Slovak
Published: Bratislava ŠEVT 1993
Edition:1. vyd.
Subjects:
Tags: Add Tag
No Tags, Be the first to tag this record!

MARC

LEADER 00000nam a2200000 4500
001 c005646
005 20221128073726.6
020 |a 80-88707-03-X 
041 0 |a slo 
044 |a SK 
245 1 0 |a Program odpadového hospodárstva Slovenskej republiky 
250 |a 1. vyd. 
264 1 |a Bratislava  |b ŠEVT  |c 1993 
300 |a 85 s. 
610 2 0 |a odpad 
610 2 0 |a prostredie životné 
610 2 0 |a Slovensko 
610 2 0 |a stratégia hospodárska 
610 2 0 |a štruktúra ekonomická 
610 2 0 |a ciele riadenia 
610 2 0 |a odvetvia činnosti ekonomickej 
610 2 0 |a správa štátna 
610 2 0 |a prognózy